000
00347nam a2200145Ia 4500
008
231011s9999 xx 000 0 und d
041
_a
eng
082
_a
658
100
_a
Ravichandran K.
245
_a
Functional Areas of Management
250
_a
1st
260
_b
Avinash Paperback Publication Delhi
_c
2009
300
_a
353
365
_b
232
999
_c
892263
_d
892263